[Event "Turnier 40 / 120"]
[Site "Wien"]
[Date "2023.07.14"]
[Round "1"]
[White "Mephisto Atlanta SH 7034 - 20 MHZ"]
[Black "Mephisto Lyon 68020 - 12 MHZ"]
[Result "1/2-1/2"]
[BlackElo "2172"]
[WhiteElo "2191"]

{Analyse -----> Komodo 14.1.} 1. d4 d5 2. Nf3 Nf6 3. c4 dxc4 4. e3 e6 5.
Bxc4 c5 6. O-O a6 7. Qe2 b5 8. Bb3 Bb7 9. Rd1 Nbd7 10. Nc3 Bd6 11. e4 cxd4
12. Rxd4 Bc5 13. Rd3 {Buchende} O-O {Buchende} 14. Bg5 {Buchbewertung
Mephisto Atlanta: +0,1 / besser ist der noch im Buch von Lyon 68020
gespeicherte Zug Lf4} Qc7 {Buchbewertung Mephisto Lyon 68020: +0,09 / lt.
Komodo steht Schwarz eine Nuance besser mit ca. +0,20} 15. Rad1 b4 16. Na4
Rac8 {nicht optimal, besser ist La7, nach dem Textzug ist die Stellung im
Lot} 17. Bxf6 Nxf6 18. Nxc5 Qxc5 19. Rd4 a5 20. e5 Bxf3 21. gxf3 Ne8 22.
Qe4 Qb6 23. f4 g6 24. Ba4 {nicht optimal, zum Ausgleich hätte f5 geführt,
Komodo -0,60} Ng7 25. Rd6 Qc5 26. Qf3 Nf5 27. R6d2 Qb6 {besser ist De7,
nach dem Textzug steht Schwarz nur eine Nuance besser mit ca. +0,20} 28.
Qe4? {ein ganz schlechter Zug, danach steht Schwarz bereits klar besser,
Komodo -1,50, nötig war Lc2} Rc7? {auch nicht das Gelbe vom Ei, halbiert in
etwa den Vorteil von Schwarz, Komodo +0,70, deutlich stärker ist Tfd8} 29.
Rd3?? {ein Verlustzug, danach ist die Partie bereits verloren, Komodo
-1,80, nötig war De2} Rfc8 30. Rd8+ Rxd8 31. Rxd8+ Kg7 32. Qa8?
{unglaublich aber Atlanta sieht sich hier sogar noch im Vorteil mit +0,5
??, in Wahrheit ist die Stellung klar verloren, Komodo -3,00, mehr
Widerstand leistet noch Ld1, aber auch danach steht Weiss bereits auf
Verlust mit ca. -2,00} Rc1+ {Mephisto Lyon 68020 sieht es realistischer,
obwohl um den Gewinn bereits klar zu erkennen fehlt ihm natürlich auch die
Rechentiefe, aber immerhin er hat die richtige Ahnung, Bewertung +0,54, der
Textzug ist allerdings klar schwächer als Se3 und büsst in etwa eine ganze
Bauerneinheit ein, aber gut Se3 ist natürlich für einen Oldie schon eine
harte Nuss, das muss man zur Verteidigung von Lyon 68020 sagen, Komodo
+2,00} 33. Bd1 Ne7 34. Kg2 Qc7 {besser ist Dc5, Komodo +1,50} 35. Bb3??
{ein absoluter Verlustzug, danach ist bereits alles verloren nach der
Fortsetzung a4 ! kann Weiss bereits die Segel streichen, Komodo -3,30,
nötig war b3, Lyon 68020 hätte den gleichen Fehler gemacht} g5 {fast
gleichwertig mit a4, Komodo +3,00} 36. Rh8??? {ganz schlecht, verliert
forciert, Komodo -6,00, deutlich mehr Widerstand leistet noch fxg5 mit ca.
-3,00} gxf4??? {ein wahrer MEGABOCK, da muss man wirklich 2x hinschauen, um
das zu glauben, verschenkt auf einen Schlag den gesamten Vorteil, danach
ist die Stellung im Lot einfach unfassbar, sofort gewonnen hätte der auch
von Atlanta vorgeschlagene Zug Sc8 !} 37. Qf8+ Kg6 38. Rxh7! {Mephisto Lyon
68020 wollte hier seinen Gegner auf das Glatteis führen indem er Db8 ??
vorschlug, danach wäre Weiss in 9 Zügen Matt gewesen !!, aber Atlanta macht
ihm den Gefallen nicht und spielt den richtigen Zug} f3+ 39. Kxf3 Kxh7 40.
Qxf7+ Kh8 41. Qf6+ Kg8 42. Bxe6+ Kh7 43. Qh4+ Kg7 44. Qf6+ Kh7 45. Qh4+ Kg6
46. Qf6+ Kh7 {Stellungswiederholung} 1/2-1/2
[/pgn]
[pgn]

[Event "Turnier 40 / 120"]
[Site "Wien"]
[Date "2023.07.14"]
[Round "2"]
[White "Mephisto Lyon 68020 - 12 MHZ"]
[Black "Mephisto Atlanta SH 7034 - 20 MHZ"]
[Result "0-1"]
[BlackElo "2191"]
[WhiteElo "2172"]

{Analyse -----> Komodo 14.1.} 1. e4 c6 2. d4 d5 3. Nd2 dxe4 4. Nxe4 Bf5 5.
Ng3 Bg6 {Buchende} 6. N1e2 {Buchende} e5 {Buchbewertung Mephisto Atlanta:
0,0} 7. dxe5 {Buchbewertung Mephisto Lyon 68020: +0,42 / lt. Komodo ist die
Stellung exakt im Lot 0,00} Qxd1+ 8. Kxd1 Nd7 9. f4 Nh6 10. Bd2 O-O-O 11.
Kc1 f6 12. Be3? {ein ganz schlechter Zug, danach steht Schwarz bereits klar
besser, Komodo -1,30, nötig war a4 oder exf6} Bc5? {ein schwacher Zug, der
den Vorteil von Schwarz deutlich reduziert, Komodo +0,50, richtig war fxe5}
13. Bxc5 Nxc5 14. exf6 gxf6 15. Nc3 Ne6 16. Be2! {stark, ein Versuch den
Bauern zu verteidigen wäre ungünstig für Weiss} Nxf4 17. Bf3 {Schwarz steht
nur noch eine Nuance besser mit ca. +0,30} Ne6! {der beste Zug lt. Komodo}
18. Nge4 {nicht optimal, deutlich besser ist Sce2, Komodo -0,80} Nd4 19.
Kb1?? {ein Verlustzug, danach ist die Partie bereits verloren, Komodo
-2,00, nötig war ein Schlupfloch für den König mittels b3} Nxf3? {ein
schlechter Zug, der den Vorteil von Schwarz etwa halbiert, Komodo +1,00,
deutlich stärker war f5} 20. gxf3 f5 21. Ng5 {etwas besser ist Sc5, Komodo
-1,20} Rhe8? {sieht logisch aus ist aber schwach und halbiert den Vorteil
von Schwarz, Komodo +0,60, deutlich stärker ist Sf7} 22. h4? {ein
schlechter Zug, Weiss sollte etwas gegen die Grundlinienschwäche
unternehmen mittels b3, Komodo -1,20} Nf7 23. a3?? {ein Verlustzug, danach
ist die Partie bereits klar verloren, Komodo -2,30, deutlich mehr
Widerstand leistet Sxf7} Nxg5 24. hxg5 Re3 25. f4 Rf3 26. Na4 Rxf4 {da ist
nichts mehr zu holen für Weiss, Komodo -3,50} 27. Nc5 Rd2 28. Nd3 Rg4 29.
Rf1 Rxg5 30. Nf4 Bf7 31. b3 Rg3 32. a4 Rc3 33. Ra2 h5 34. Rh1 Rf3 35. Nxh5
Rff2 36. Rh3 {mehr Widerstand leistet noch Tb2, Komodo -5,00} f4! 37. Nf6
Bg6 38. Rc3 Rfe2 39. Ng8 f3 40. Rxf3 Bxc2+ 41. Rxc2 Rxc2 {Rest geschenkt}
0-1
[/pgn]
[pgn]

[Event "Turnier 40 / 120"]
[Site "Wien"]
[Date "2023.07.15"]
[Round "3"]
[White "Mephisto Atlanta SH 7034 - 20 MHZ"]
[Black "Mephisto Lyon 68020 - 12 MHZ"]
[Result "0-1"]
[BlackElo "2172"]
[WhiteElo "2191"]

{Analyse -----> Komodo 14.1.} 1. d4 Nf6 2. Nf3 d5 3. c4 c6 4. Nc3 dxc4 5.
a4 Bf5 6. e3 e6 7. Bxc4 Bb4 8. O-O {Buchende} O-O 9. Qb3 {Buchbewertung
Mephisto Atlanta: -0,1} Qe7 {Buchende} 10. Nh4 Bg4 {Buchbewertung Mephisto
Lyon 68020: -0,21 / lt. Komodo steht Weiss etwas besser mit ca. +0,50} 11.
f3 Bh5 12. g4 Bg6 13. e4 a5 14. Na2 Na6 {besser ist Sd7, Komodo -1,00} 15.
Nxb4 Nxb4 16. Nxg6 {besser ist Lg5, Komodo +0,70} hxg6 17. Rd1 {zu
bevorzugen ist immer noch Lg5, nach dem Textzug steht Weiss nur noch eine
Nuance besser mit ca. +0,20} Nd7 18. Bf4 Kh7? {ein schwacher Zug, nach g5
wäre die Stellung bereits im Lot gewesen, Komodo -0,70} 19. Rd2 {auch nicht
ideal, deutlich besser ist Lg3, nach dem Textzug ist die Stellung wieder im
Lot} Rh8? {so aber nicht, danach steht Schwarz wieder klar besser, Komodo
-1,00, Ausgleich hätte e5 gesichert} 20. Rad1 Nb6 21. Be2 Rhd8 22. Bf1 Rd7
23. Be3 Qd6 24. Bg2 Rh8 25. Bf2 Qc7 26. Bg3 Qd8 27. Bf4 Kg8 28. Bf1 Qe7 29.
Be5 Kh7 30. Be2 Qg5 31. Bg3 Rhd8 32. f4 Qf6 33. g5 Qe7 34. Bg4 Rh8 {nicht
ideal deutlich besser ist c5, Komodo -1,30} 35. Bh3 {das bringt nichts,
deutlich stärker ist h4 oder f5, Komodo +0,80} Rhd8 36. Bf2 Qd6 37. Be3 Rh8
38. Bg2 Ra8 {auch nicht ideal, besser ist T7d8, Komodo -1,20} 39. Rc1 Qc7
40. Bh3 {besser ist Lf3, Komodo +0,80} Rdd8 {deutlich besser ist Te7,
Komodo -1,40} 41. Rdd1 {besser steht der Turm auf f2, Komodo +0,80} Kh8
{auch nicht ideal, besser ist Th8, Komodo -1,30} 42. Bg2 {in dieser
komplizierten Stellung können beide Geräte nicht die idealen Züge finden,
hier beende ich vorläufig die weitere Kommentierung, Komodo +1,00, besser
ist Tf1} Rd7 43. Rc5 Kg8 44. Bf3 Rdd8 45. Rcc1 Rac8 46. Rd2 Rd7? {ein
Verlustzug, nötig war De7, danach ist die Partie praktisch schon verloren,
Komodo -2,00, für die richtige Fortsetzung fehlt es Atlanta aber sicher an
Rechentiefe} 47. Bg2? {so ist es dann auch, die Partie stagniert einfach,
das wirkt alles planlos, der Textzug verspielt gleich wieder die Hälfte des
Vorteiles, Komodo +1,00, nötig war h4 mit Angriffsplan am Königsflügel,
aber wie gesagt hier ist kein Plan zu sehen} Ra8? {das gilt für beide
Geräte, kein Plan, Komodo -1,50, deutlich besser ist Dd8} 48. Bh3?
{verstellt den H-Bauern, der immer noch vorrücken hätte sollen nach h4,
halbiert gleich wieder den Vorteil, Komodo +0,80} Rdd8 49. Rcd1 Kh7 50. Bg2
Rh8 51. Rf2 Qd6 52. Rf3 Kg8 53. Rh3? {bringt gar nichts, deutlich besser
ist Lf2, nach dem Textzug steht Weiss nur noch unwesentlich besser, Komodo
+0,40} Rxh3 {37 Züge !!! hat es gedauert, bis wieder etwas geschlagen wird,
schon alleine daran sieht man, dass die Figuren ewige Zeiten einfach
planlos hin und her geschoben wurden !!} 54. Bxh3 Rd8 55. Rd2 {verspielt
endgültig den letzten Rest des ohnehin nicht mehr grossen Vorteiles, Komodo
0,00, besser war noch Tc1} Kh7 56. Bg2 Kg8 57. Bh1??? {da fehlen mir
einfach die Worte, danach steht Schwarz bereits besser, Komodo -0,60} Kh8??
{Lyon 68020 macht nichts draus und der Vorteil wechselt gleich wieder die
Seite, Komodo -0,60, nötig war Dc7 mit dem Plan c5} 58. Bf3 Kg8 {immer noch
war Dc7 zu bevorzugen, Komodo -0,90} 59. Bg2? {einfach planlos, die
Stellung ist wieder im Lot, nötig war wieder einmal h4, auch nicht das 1x}
Kh7 {wieder wird Dc7 verschmäht, Komodo -0,70} 60. Kh1??? {ohne Worte, die
Stellung ist wieder im Lot, hier beende ich jetzt die weitere Kommentierung
eine Partie auf erschreckendem Niveau von beiden Seiten !!, bleibt nur zu
hoffen, dass es mit einem Remis endet, ein Sieger wäre hier unverdient !!}
Rh8 61. Rd1 Kg8 62. Bc1 Rh4 63. Qg3 Rh5 64. b3 Rh8 65. Ba3 Rh5 66. Bf3 Rh7
67. Bc1 Rh8 68. Bg2 Rh5 69. Rd2 Nd7 70. Bb2 Rh8 71. Rd1 Rh5 72. Bc3 Qc7 73.
Rd2 Rh8 74. Ba1??? {ohne Worte} Rh5 75. Bb2 Rh8 76. Ba3 Rh5 77. Rd1 Nc2 78.
Bb2 Nb4 79. Rc1 Na2 80. Ra1 Nb4 81. Re1 Rh8 82. Re2 Rh5 83. Rf2 Rh8 84. Ba3
Rh5 85. Rd2 Rh8 86. Rd1 Rh5 87. Rc1 Na2 88. Rc4 Nb6? {klar schwächer als
Sb4, Komodo -1,50} 89. Rc2 Nb4 90. Rc5? {aber in dieser grottigen Partie
passt einfach gar nichts, natürlich wird auch diese Chance auf klaren
Vorteil verpasst, der Textzug ist unter jeder Kritik und verspielt gleich
wieder fast alles, Komodo +0,50, nötig war natürlich Lxb4 mit klarem
Vorteil für Weiss} Qd8 91. Qe3 Nd7 92. Rc4 Nb6 93. Rc3 Qc7 94. Qg3 Na2?
{ein grottenschlechter Zug, danach ist die Partie praktisch verloren,
Komodo -1,80, aber leider kann man schon jetzt sagen, auch diese Chance
wird natürlich wieder ausgelassen, denn es ist exakt das gleiche Shema wie
im Zug 90 und darum wird Atlanta auch diese Chance wieder auslassen, es
gewinnt wieder Tc2, Sb4, Lxb4, aber das hatten wir ja schon wie gesagt.}
95. Rc5? {Wiederholung Zug 90, zum vergessen erwartungsgemäß, halbiert
gleich wieder den Vorteil, Komodo +0,80} Nd7 96. Rc2 Nb4 97. Rc4 Nb6 98.
Rc1 Rh7??? {ein Verlustzug, danach ist die Partie klar verloren, Komodo
-2,00 mit der Fortsetzung d5} 99. Bb2??? {tappt weiter ahnungslos durch die
Gegend und das ganze geht von vorne los, gleich wieder ist ein Grossteil
des Vorteiles weg, Komodo +0,80, diese Partie bringt einen wirklich zum
Verzweifeln, jede x-beliebige Engine auch weit schwächere wie Rybka,
Ruffian oder An-Mon sehen d5 in der 1. Sekunde} Na2 100. Rf1 Rh5 101. Rd1
Nd7? {ein schlechter Zug, nötig war entweder Th7 oder Sb4, Komodo -1,60,
abermals könnte Weiss mit d5 die Weichen auf Gewinn stellen} 102. Re1??
{aber nicht in dieser Partie, gleich wieder halbiert, Komodo +0,80 verpasst
zum gefühlten 1000x den Gewinn} Rh8? {wieder ganz schlecht, es gewinnt
wieder d5, Komodo -2,00, aber man braucht es gar nicht mehr zu
kommentieren, hier wird einfach alles ausgelassen} 103. Re3? {wieder
verpasst wie immer} Nb4 104. Rc3 Rh5 105. Ba3 Na2 106. Rf3 Nb4 107. Rf2 Qb6
108. Qe3 Rh4 109. Rf3 c5? {zu diesem Zug kann man nur sagen: leider nimmt
er der Partie die letzte Spannung denn interessant wäre gewesen was im 114.
Zug passiert wäre, da wäre nämlich die 50 Zug Regel schlagend geworden
somit ist auch dieses Thema erledigt, der Textzug ist ausserdem nicht
optimal, danach steht Weiss klar besser, Komodo -1,10, deutlich besser ist
Dc7} 110. dxc5 Qxc5 {besser ist Dc7, Komodo -1,50} 111. Qe1 Rh5 112. Rc3
{besser ist Dd2, Komodo +1,00} Qd4 113. Rc4 Qd3 114. Bxb4? {verschenkt
einfach alles, danach ist die Partie bereits Remis, Komodo hätte hier eine
Fehlerkorrektur vorgeschlagen mit Tc3, Dd4, Lf1 mit ca. +1,00 für Weiss,
für Atlanta ist das aber natürlich eine Stellungswiederholung und somit
auch nicht spielbar da 0,00} axb4 115. Rxb4 e5 116. Rxb7??? {und jetzt
kommt es noch dicker für Atlanta, ein absoluter Verlustzug, danach ist die
Partie sofort verloren, Komodo -2,20, das Remis gesichert hätte Tb5} exf4
117. Qf2 Qd1+?? {völlig daneben, verschenkt den möglichen Sieg, danach ist
die Partie wieder Remis, Komodo 0,00, gewonnen hätte Se5} 118. Qf1 Qd6 119.
Bf3 Rxg5 120. b4? {verliert die Partie, Komodo -1,60, nötig war Dd1 mit
Ausgleich} Qc6 {etwas besser ist Se5, aber auch nach dem Textzug steht
Schwarz klar besser, Komodo +1,20} 121. Ra7??? {ein Horrorzug, der die
Partie sofort verliert, Komodo -7,00 !!!, nötig war Tb5} Ne5 122. b5 {weit
besser ist noch Ta5, aber es spielt keine Rolle mehr, Komodo Matt in 16}
Qc3 {klar} 123. Ra8+ Kh7 124. h4 Rg3 125. Bg2 f3 126. Bh3 Nd3 127. Rh8+
{Mephisto Atlanta: -9,9, er hat keine Funktion der Aufgabe, aber die
schlechtestmögliche Bewertung interpretiere ich als Aufgabe. / eine
absolute Horrorpartie und einer der unnötigsten Niederlagen, die ich je
gesehen habe, meiner Meinung nach auf einem Niveau von maximal 1500 ELO das
gilt für beide Geräte, der Sieg wurde nach dem Zufallsprinzip ermittelt.}
0-1
[/pgn]
[pgn]

[Event "Turnier 40 / 120"]
[Site "Wien"]
[Date "2023.07.16"]
[Round "4"]
[White "Mephisto Lyon 68020 - 12 MHZ"]
[Black "Mephisto Atlanta SH 7034 - 20 MHZ"]
[Result "1-0"]
[BlackElo "2191"]
[WhiteElo "2172"]

{Analyse ----> Komodo 14.1.} 1. c4 c5 2. Nf3 Nf6 3. d4 cxd4 4. Nxd4 e6 5.
Nc3 Bb4 {Buchende} 6. Bd2 O-O {Buchbewertung Mephisto Atlanta: +0,3} 7. a3
Bxc3 8. Bxc3 Ne4 9. Qc2 {Buchende} Nxc3 10. Qxc3 {Buchbewertung Mephisto
Lyon 68020: +0,12 / lt. Komodo steht Weiss knapp besser mit ca. +0,30} d5
11. e3 Nc6 12. O-O-O {besser ist cxd5} Bd7 13. cxd5 exd5 14. Nc2 {besser
ist Kb1, Komodo -0,70} Be6 {auch nicht ideal, besser ist Tc8, Komodo +0,30}
15. Bd3 Rc8 16. Kb1 Qd6 17. Nd4 Ne5 18. Qb3 Nxd3 19. Qxd3 Rc5 20. Nb3 Rc7
21. Nd4 Bd7 22. Nf3 Rfc8 23. Rc1 Qa6?? {ein ganz schlechter Zug, der ca.
1,2 Bauerneinheiten einbüsst, nach Tc6 ist Schwarz leicht im Vorteil mit
ca. +0,50, nach dem Textzug ist Weiss im Vorteil mit ca. +0,70} 24. Qxa6
{alternativlos, ein hässlicher Doppelbauer und dazu noch der schwache
Isolani auf d5, meiner Meinung nach steht Schwarz hier bereits ganz
schlecht, obwohl Komodo es erst mit ca. -0,70 bewertet} Bf5+ 25. Ka2 bxa6
26. Rxc7 Rxc7 27. Rd1 {etwas besser ist Sd4, Komodo +0,60} Be4 28. Ne1 a5
29. f3 Bf5 30. b3 Be6 {besser ist Tc5 Komodo -0,90} 31. Kb2 a4? {ein
schlechter Zug, danach ist die Partie praktisch schon verloren, Komodo
-1,50, deutlich besser ist h5 mit ca. -1,00} 32. bxa4 {besser ist b4, aber
auch nach dem Textzug steht Weiss klarerweise besser, Komodo +1,10} Kf8 33.
Nd3 Ke7 34. Nb4 Rc5 35. Rc1 Rxc1 36. Kxc1 Kd6 37. Nc2? {nicht ideal, das
erschwert den Gewinn deutlich, Komodo +0,50, besser ist a5} Kc5 38. Nd4 Kc4
39. Kc2 Bd7 40. a5 f5 41. g3 a6 {etwas besser ist g5, danach wäre die
Stellung bereits exakt im Lot, nach dem Textzug ist Weiss knapp im Vorteil
mit ca. +0,50} 42. h4 h6 43. h5 {etwas besser ist Kd2, nach dem Textzug ist
die Stellung im Lot} f4? {besser ist La4+, das hätte bereits das Remis
gesichert, nach dem Textzug ist Weiss etwas im Vorteil} 44. gxf4 Be8 45.
Kd2 Bxh5 46. Ke1 Bf7 47. Nf5 Kb3??? {ein absoluter Verlustzug, Atlanta
verwirft im letzten Moment den Rettungsanker Kd3, danach wäre die Partie
Remis gewesen, nach dem Textzug kann man sich jede weitere Kommentierung
schenken, danach ist alles aus, Komodo -5,00} 48. Nxg7 d4 49. Nf5 dxe3 50.
Nxh6 Bh5 51. Ke2 {Rest geschenkt / wieder einmal vergurkt Atlanta durch
seine bekannte Endspielschwäche diese Partie und verschenkt einen halben
Punkt.} 1-0
[/pgn]
[pgn]

[Event "Turnier 40 / 120"]
[Site "Wien"]
[Date "2023.07.16"]
[Round "5"]
[White "Mephisto Atlanta SH 7034 - 20 MHZ"]
[Black "Mephisto Lyon 68020 - 12 MHZ"]
[Result "1/2-1/2"]
[BlackElo "2172"]
[WhiteElo "2191"]

{Analyse ----> Komodo 14.1.} 1. c4 c6 2. d4 d5 3. cxd5 cxd5 4. Nf3 Nf6 5.
Nc3 Nc6 6. Bf4 Bf5 7. e3 e6 8. Bb5 Nd7 9. O-O {Buchende} Rc8 {Buchende} 10.
Bg5 {Buchbewertung Mephisto Atlanta: +0,3} Be7 {Buchbewertung Mephisto Lyon
68020: -0,06 / lt. Komodo ist die Stellung exakt gleich 0,00} 11. Bxe7 Qxe7
12. Rc1 O-O 13. a3 Nb6 14. Na4 Nd7 15. b4 Qf6 16. Nc3 Bg4 17. Be2 Nb6 18.
Re1 Rfd8 19. h3 Bf5 20. Qb3 h6 21. b5 Na5 22. Qb4 Nbc4 23. Ne5 Qg5 24. Nf3
Qf6 25. Ne5 Qg5 26. Nf3 Qf6 {Stellungswiederholung} 1/2-1/2
[/pgn]
[pgn]

[Event "Turnier 40 / 120"]
[Site "Wien"]
[Date "2023.07.17"]
[Round "6"]
[White "Mephisto Lyon 68020 - 12 MHZ"]
[Black "Mephisto Atlanta SH 7034 - 20 MHZ"]
[Result "0-1"]
[BlackElo "2191"]
[WhiteElo "2172"]

{Analyse -----> Komodo 14.1.} 1. e4 e5 2. Nf3 Nc6 3. Bb5 a6 4. Ba4 d6 5.
Bxc6+ bxc6 6. d4 exd4 7. Nxd4 {Buchende} c5 {Buchende} 8. Ne2
{Buchbewertung Mephisto Lyon 68020: -0,18} Nf6 {Buchbewertung Mephisto
Atlanta: 0,0 / lt. Komodo ist die Stellung im Lot} 9. O-O Be7 10. Nbc3 c6
11. Qd3 O-O 12. b3 d5 13. Ng3 Be6 14. Bf4 Qb6 15. e5 Ne8 {weniger gut,
besser ist Sd7} 16. Nf5 Bxf5 17. Qxf5 Rd8 18. Ne2 Nc7 19. Be3 f6 20. Rad1
d4 21. Bf4?? {ein Verlustzug, danach ist die Partie praktisch schon
verloren, Komodo -2,00, nötig war Ld2 und die Stellung ist im Lot} fxe5 22.
Qxe5 Bd6 23. Qxd6? {nochmals ganz schwach, deutlich mehr Widerstand leistet
noch De4, nach dem Textzug verschlimmert sich die Lage von Weiss nochmals
deutlich, Komodo -3,00} Rxd6 24. Bxd6 Rf6 {nicht optimal, besser ist Te8,
aber natürlich steht Schwarz weiterhin klar auf Gewinn, Komodo +2,50} 25.
Bg3? {ein schwacher Zug, danach nimmt der Schwarze Springer auf d5 eine
mächtige zentrale Position ein, verschimmert die Lage von Weiss, Komodo
-3,20, besser ist noch Lxc7} Nd5 {absehbar} 26. a4 Qa5 27. Rd3 Re6 28. Nc1
Nb4 {Atlanta spielt konsequent weiter und baut den Vorteil stetig aus,
Komodo +4,20} 29. Rd2 {etwas mehr Widerstand leistet T3d1, aber es spielt
keine Rolle mehr, Komodo -6,00} Na2 30. Rdd1 Nxc1 31. Rxc1 Re2 32. c4 dxc3
33. f3 c2 34. Be1 Qb6 35. Kh1 Qxb3 36. Ra1 c4 37. Ba5 c3 38. Rac1 Rd2 39.
Rg1 Rd1 {Komodo Matt in 13} 40. Bc7 g5 41. Bd8 Rxd8 42. h4 {Mephisto Lyon
68020: -11,0 ----> aufgegeben !} 0-1
[/pgn]
[pgn]